00637nam a2200241Ia 4500008004100000020001500041050000900056050001400065245005800079245002500137245003800162260001700200260002000217260000900237300001500246300002700261300001100288440001200299500002300311650001900334650001600353650002600369170203s9999 xx 000 0 und d a9628851519 a0 30 bIl29 2004 aIllustrated encyclopedia of science and nature : banimal behaviour I / cEducational Technologies limited. aHongkong :  bTime Life Asia, c2004 a75 pages : bcolor illustrations ;  c31 cm. vvol. 23 aIncludes glossary. aLife Sciences. aNavigation. aScience and nature.